000 00700cam a22002172 4500
001 0000003170
005 20151217155819.0
008 070430s xx 000 0 eng d
020 _a9966915605 :
040 _aKABU
_cKABU
050 0 _aHN793
_b.Z9C6O34
100 1 _aOdhiambo, Morris.
_@0000152868
245 1 0 _aDevolved funds and development :
_ba handbook on participation /
_cMorris Odhiambo, Anyembe Peter Taifa.
260 _aNairobi :
_bClaripress,
_c2005.
300 _aiii, 31 p.
650 0 _aCommunity development
_zKenya.
_@0000152869
700 1 _aTaifa, Anyembe Peter.
_@0000152870
908 _a070430
950 _@1
999 _c12787
_d12787